000 00635nam a2200169Ia 4500
008 210719s2019 xx 000 0 und d
041 _akan
082 _a658.4012K PARK
100 _aPARSHVANATHA AJRI;UDAYA SHETTy (Ke)
245 _aKaryatantra nirvahane mattu samsthika nadavalike
_bStrategic management and organisational behaviour
260 _aMudabidire
_bShravan Prakashan Mandir
_c2019
300 _aiv,131
_bPB
365 _b120
_cRs
650 _aManagement
650 _aOrganisational Behaviour
906 _abehaviour ; Karyatantra ; management ; mattu ; nadavalike ; nirvahane ; organisational ; samsthika ; Strategic
999 _c211936
_d211936